00766cam a22002051 45000010008000000030009000080050017000170080041000340100017000750400027000920500016001190820018001351000048001532450082002012600050002833000032003335000137003655040032005026500026005343113563BDDh-ASL20231015030227.0760107s1964 nyub b 000 0 eng  a 64014656  aDLCcWadDLCdBDDh-ASL00aDS427b.I4200a954.297bIKM 1 aIkram, S. M.q(Sheikh Mohamad),d1908-1973.10aMuslim civilization in India / cby S. M. Ikram. Edited by Ainslie T. Embree. aNew York: bColumbia University Press,c1964. ax, 325 p. : bmaps.c25 cm. a"An abridgment of the author's fuller History of Muslim civilization in India and Pakistan (712-1858), published in Lahore in 1962." aBibliography: p. [308]-310. 0aIslamic civilization.